These Words Have a 'Leg' to Stand on Quiz Stats

 Plays Quiz Updated Jan 17, 2018

Score 0/20 Timer 04:00
5 Plays Today
% Correct
Battleground
94%
College
92.9%
Phlegm
92.9%
Telegraph
92.4%
Delegate
91.4%
Elegant
90.2%
Legal
90.2%
Allege
89.7%
Privilege
89.3%
Legion
88.7%
% Correct
Bootleg
88.4%
Sacrilege
87%
Legend
86.5%
Legacy
86.4%
Leghorn
85.1%
Dogleg
82.6%
Allegro
80.7%
Elegy
79.8%
Allegory
71.2%
Legato
71%

You're not logged in!

Compare scores with friends on all Sporcle quizzes.
OR
Log In

You Might Also Like...

Show Comments

Extras

Top Quizzes Today


Score Distribution

Your Account Isn't Verified!

In order to create a playlist on Sporcle, you need to verify the email address you used during registration. Go to your Sporcle Settings to finish the process.

Report this User

Report this user for behavior that violates our Community Guidelines.

Details: